ISO 9000 quality system development handbook

Guardado en:
Detalles Bibliográficos
Autor principal: Hoyle, David
Formato: Libro
Lenguaje:inglés
Publicado: Oxford Butterworth-Heinemann 1998
Colección:Quality management
Materias:
Etiquetas: Agregar Etiqueta
Sin Etiquetas, Sea el primero en etiquetar este registro!

MARC

LEADER 00000nam a2200000 4500
001 c132757
005 20221221082752.7
020 |a 0-7506-2562-7 
041 0 |a eng 
044 |a GB 
245 1 0 |a ISO 9000  |b quality system development handbook  |c David Hoyle 
264 1 |a Oxford  |b Butterworth-Heinemann  |c 1998 
300 |a 415 s. 
490 1 |a Quality management 
830 0 |a Quality management 
610 2 0 |a normy 
610 2 0 |a kvalita 
610 2 0 |a príručky 
610 2 0 |a manažment 
610 2 0 |a projekty 
610 2 0 |a systémy kvality 
610 2 0 |a dokumentácia 
610 2 0 |a výkony podnikové 
610 2 0 |a audit 
100 1 |a Hoyle, David